000 00263nam a22001217a 4500
082 _a894.812.3
_bCHA/K
100 _aCHARUVIL, ASOKAN
245 _aKATOOR KADAVU
260 _aKOTTAYAM
_bDC BOOKS
300 _a376
650 _aMALAYALAM VOVEL
_zKERALA
942 _cBK
999 _c7156
_d7156